Statistics for Things beginning with F

Click here to take the quiz!

General Stats

  • This quiz has been taken 65 times
  • The average score is 13 of 15

Answer Stats

Answer% Correct
family
98%
fan
98%
fire
98%
fish
98%
finger
96%
fork
96%
flamingo
95%
French flag
93%
film
88%
flashlight
88%
fries
88%
flintstone
86%
fiddle
77%
ferret
72%
finch
63%

Score Distribution

Percentile by Number Answered

Percent of People with Each Score

Your Score History

You have not taken this quiz